[Event "Koge Lang Jubilee Weekend Gr-3"]
[Site "Koge"]
[Date "2022.07.09"]
[Round "7"]
[White "Petersen, Rasmus"]
[Black "Nielsen, Kai Gylling"]
[Result "1/2-1/2"]
[WhiteElo "1679"]
[BlackElo "1735"]
[PlyCount "59"]
[EventDate "2022.07.06"]
[EventType "tourn"]
[EventRounds "9"]
[EventCountry "DEN"]
[SourceTitle "EXT 2024"]
[Source "ChessBase"]
[SourceDate "2023.10.10"]
[SourceVersion "1"]
[SourceVersionDate "2023.10.10"]
[SourceQuality "1"]

1. d4 Nf6 2. c4 e6 3. Nf3 Be7 4. g3 c6 5. Bg2 d5 6. Qc2 0-0 7. 0-0 a5 8. b3 Ne4 9. Nbd2 Nxd2 10. Bxd2 Bf6 11. Bc3 Na6 12. Qd2 b6 13. Rfe1 c5 14. Rad1 Bb7 15. dxc5 Nxc5 16. Bxf6 Qxf6 17. cxd5 Ne4 18. Qd4 exd5 19. Qxf6 Nxf6 20. e3 Rac8 21. Rc1 Rfd8 22. Nd4 g6 23. a3 Ne4 24. Red1 Kg7 25. Kf1 Kf6 26. Ke1 h5 27. h4 Nc3 28. Rd2 Ne4 29. Rdd1 Nc3 30. Rd2 1/2-1/2

[Event "Koge Lang Jubilee Weekend Gr-3"]
[Site "Koge"]
[Date "2022.07.06"]
[Round "1"]
[White "Petersen, Rasmus"]
[Black "Rasmussen, Matthias"]
[Result "0-1"]
[WhiteElo "1679"]
[BlackElo "1583"]
[PlyCount "56"]
[EventDate "2022.07.06"]
[EventType "tourn"]
[EventRounds "9"]
[EventCountry "DEN"]
[SourceTitle "EXT 2024"]
[Source "ChessBase"]
[SourceDate "2023.10.10"]
[SourceVersion "1"]
[SourceVersionDate "2023.10.10"]
[SourceQuality "1"]

1. d4 Nf6 2. Nf3 b6 3. g3 Bb7 4. Bg2 e6 5. 0-0 Be7 6. c4 c5 7. b3 cxd4 8. Nxd4 Bxg2 9. Kxg2 d5 10. cxd5 Qxd5+ 11. Nf3 Nbd7 12. Ba3 Bxa3 13. Nxa3 Qb7 14. Nc4 0-0 15. Kg1 Rfd8 16. Qd4 Nc5 17. Qb2 Rac8 18. Rfd1 h5 19. Nd6 Rxd6 20. Rxd6 Nd5 21. Qe5 Qa6 22. e4 Qe2 23. exd5 Qxf3 24. dxe6 Ne4 25. exf7+ Kf8 26. Qd4 h4 27. Re1 h3 28. Qxe4 Qxe4 0-1

[Event "Koge Lang Sommer Weekend"]
[Site "Koge"]
[Date "2020.07.26"]
[Round "7"]
[White "Petersen, Rasmus"]
[Black "Steenstrup, Svend"]
[Result "0-1"]
[WhiteElo "1689"]
[BlackElo "1903"]
[PlyCount "58"]
[EventDate "2020.07.22"]
[EventType "swiss"]
[EventRounds "7"]
[EventCountry "DEN"]
[SourceTitle "EXT 2021"]
[Source "ChessBase"]
[SourceDate "2020.10.23"]
[SourceVersion "1"]
[SourceVersionDate "2020.10.23"]
[SourceQuality "1"]

1. d4 Nf6 2. Nf3 g6 3. g3 Bg7 4. Bg2 0-0 5. 0-0 d5 6. Nc3 c5 7. dxc5 Nc6 8. Rb1 d4 9. Nb5 e5 10. e3 Qa5 11. Na3 Qxc5 12. exd4 exd4 13. Ne1 Bg4 14. Nd3 Qa5 15. f3 Be6 16. Bd2 Qd8 17. b3 Qe7 18. Qc1 Nd5 19. Re1 Ne3 20. Nf4 Nb4 21. Bxb4 Qxb4 22. Nxe6 fxe6 23. Nc4 Nxc4 24. bxc4 Qxc4 25. Rxb7 Rac8 26. Re4 Qxa2 27. Rb2 Qa3 28. Qb1 d3 29. Rb3 Qc5+ 0-1

[Event "Koge Lang Sommer Weekend"]
[Site "Koge"]
[Date "2020.07.23"]
[Round "3"]
[White "Leonhardsen, Vebjorn Maanum"]
[Black "Petersen, Rasmus"]
[Result "1/2-1/2"]
[WhiteElo "1836"]
[BlackElo "1689"]
[PlyCount "64"]
[EventDate "2020.07.22"]
[EventType "swiss"]
[EventRounds "7"]
[EventCountry "DEN"]
[SourceTitle "EXT 2021"]
[Source "ChessBase"]
[SourceDate "2020.10.23"]
[SourceVersion "1"]
[SourceVersionDate "2020.10.23"]
[SourceQuality "1"]

1. d4 d5 2. c4 c6 3. Nf3 Nf6 4. Qc2 e6 5. Bg5 Be7 6. e3 0-0 7. Bd3 Nbd7 8. 0-0 dxc4 9. Bxc4 b5 10. Bd3 Bb7 11. Nc3 a6 12. Rfd1 Rc8 13. Bxf6 Nxf6 14. Ne4 Nxe4 15. Bxe4 f5 16. Bd3 c5 17. dxc5 Rxc5 18. Qe2 Qc7 19. a4 e5 20. e4 fxe4 21. Bxe4 Rf4 22. Bxb7 Qxb7 23. axb5 Rxb5 24. Rd2 Rfb4 25. Rad1 Qc7 26. h3 h6 27. Rc2 Qb7 28. Rdc1 Qd5 29. Rd1 Qb7 30. Rdc1 Qd5 31. Rd1 Qb7 32. Rdc1 Qd5 1/2-1/2

[Event "Helsingor Xtracon op"]
[Site "Helsingor"]
[Date "2019.07.27"]
[Round "9"]
[White "Petersen, Rasmus"]
[Black "Larsen, Mette Dalsgaard"]
[Result "1-0"]
[WhiteElo "1745"]
[BlackElo "1637"]
[PlyCount "145"]
[EventDate "2019.07.20"]
[EventType "swiss"]
[EventRounds "10"]
[EventCountry "DEN"]
[SourceTitle "CBM 191 Extra"]
[Source "ChessBase"]
[SourceDate "2019.09.30"]
[SourceVersion "1"]
[SourceVersionDate "2019.09.30"]
[SourceQuality "1"]

1. d4 d5 2. c4 e6 3. Nc3 Nf6 4. cxd5 exd5 5. Bg5 Be7 6. e3 c6 7. Bd3 h6 8. Bh4 0-0 9. Nge2 Nbd7 10. Rc1 Re8 11. 0-0 Nf8 12. f3 Nh5 13. Bxe7 Qxe7 14. e4 dxe4 15. fxe4 Be6 16. Qd2 Rad8 17. Qe3 Bg4 18. Qf2 Be6 19. Bb1 Nf6 20. Rfd1 N8h7 21. Nf4 Bg4 22. e5 Nh5 23. Qc2 Nf8 24. Nxh5 Bxh5 25. Rd2 Bg6 26. Ne4 Ne6 27. Qc3 Nf4 28. Nd6 Nd5 29. Qg3 Bxb1 30. Nxe8 Bg6 31. Nd6 Nb6 32. Rf1 Nc8 33. Nxc8 Rxc8 34. Qc3 Rd8 35. a3 Be4 36. Qe3 Bd5 37. Qf4 Qe6 38. h3 Qg6 39. Rff2 Qe6 40. Qe3 Rd7 41. Qc3 Qe7 42. Qg3 Be6 43. b4 a6 44. Qc3 Qg5 45. Kh2 Rd5 46. Qg3 Qd8 47. Qf4 Qd7 48. g4 Qe7 49. Kg3 Kf8 50. h4 Ke8 51. g5 hxg5 52. hxg5 g6 53. Rh2 Bf5 54. Qh4 Kd7 55. Kf4 Kc7 56. Qh8 Qd7 57. Qf6 Rxd4+ 58. Ke3 Rxd2 59. Rxd2 Qe8 60. a4 Be6 61. a5 Bd5 62. Qd6+ Kc8 63. Kd4 Qd7 64. Kc5 Qh3 65. Qf8+ Kc7 66. Qe7+ Kc8 67. Kd6 Qe6+ 68. Qxe6+ Bxe6 69. Rh2 Kb8 70. Rh6 Bd5 71. e6 fxe6 72. Rxg6 Ka7 73. Rxe6 1-0

[Event "Helsingor Xtracon op"]
[Site "Helsingor"]
[Date "2019.07.20"]
[Round "1"]
[White "Petersen, Rasmus"]
[Black "Hinrichs, Lars"]
[Result "0-1"]
[WhiteElo "1745"]
[BlackElo "2234"]
[PlyCount "92"]
[EventDate "2019.07.20"]
[EventType "swiss"]
[EventRounds "10"]
[EventCountry "DEN"]
[SourceTitle "CBM 191 Extra"]
[Source "ChessBase"]
[SourceDate "2019.09.30"]
[SourceVersion "1"]
[SourceVersionDate "2019.09.30"]
[SourceQuality "1"]

1. d4 e6 2. c4 b6 3. Nf3 Bb7 4. g3 Bb4+ 5. Nc3 Nf6 6. Bg2 Ne4 7. Qc2 f5 8. 0-0 Nxc3 9. bxc3 Be4 10. Qb3 Bd6 11. a4 Nc6 12. Qd1 0-0 13. Nd2 Bxg2 14. Kxg2 Na5 15. e3 e5 16. Ba3 Qe7 17. Bxd6 cxd6 18. Rb1 Rac8 19. Qe2 Rc7 20. d5 Qf7 21. e4 fxe4 22. Qxe4 Qg6 23. Qxg6 hxg6 24. Rb4 Rfc8 25. Re1 Nxc4 26. Ne4 Rb8 27. Re2 Kf8 28. Kf1 Ke7 29. Ke1 Rf8 30. Kd1 Rf3 31. Kc2 Na5 32. Re3 Rxe3 33. fxe3 Rc8 34. Kd3 Nb7 35. Rb2 Rf8 36. Ke2 Rc8 37. Kd3 g5 38. g4 Rf8 39. Ke2 Nc5 40. Nxc5 dxc5 41. Rb1 Rh8 42. Rh1 Rh3 43. c4 e4 44. Kf2 Kd6 45. Ke2 Kc7 46. Kf2 Kb7 0-1

[Event "Helsingor Xtracon op"]
[Site "Helsingor"]
[Date "2017.07.23"]
[Round "3"]
[White "Thaler, Toni"]
[Black "Petersen, Rasmus"]
[Result "1-0"]
[WhiteElo "2041"]
[BlackElo "1737"]
[PlyCount "41"]
[EventDate "2017.07.22"]
[EventType "swiss"]
[EventRounds "10"]
[EventCountry "DEN"]
[SourceTitle "CBM 179 Extra"]
[Source "ChessBase"]
[SourceDate "2017.08.23"]
[SourceVersion "1"]
[SourceVersionDate "2017.08.23"]
[SourceQuality "1"]

1. d4 Nf6 2. c4 e6 3. Nf3 d5 4. Bg5 Be7 5. Nc3 0-0 6. Qc2 c6 7. e3 Nbd7 8. 0-0-0 a6 9. Kb1 Re8 10. h4 Qc7 11. Rc1 Bf8 12. e4 dxc4 13. Bxc4 Qb8 14. e5 Nd5 15. Nxd5 cxd5 16. Bd3 h6 17. Be3 b5 18. Bh7+ Kh8 19. Ng5 g6 20. Nxf7+ Kxh7 21. h5 1-0

[Event "Hillerod Spar Nord op"]
[Site "Hillerod"]
[Date "2016.10.25"]
[Round "7"]
[White "Petersen, Rasmus"]
[Black "Nielsen, Benny"]
[Result "1-0"]
[WhiteElo "1724"]
[BlackElo "1335"]
[PlyCount "75"]
[EventDate "2016.09.13"]
[EventType "swiss"]
[EventRounds "7"]
[EventCountry "DEN"]
[SourceTitle "EXT 2024"]
[Source "ChessBase"]
[SourceDate "2023.10.10"]
[SourceVersion "1"]
[SourceVersionDate "2023.10.10"]
[SourceQuality "1"]

1. e4 e5 2. Nf3 d6 3. Nc3 Nf6 4. d4 Be7 5. dxe5 dxe5 6. Qxd8+ Bxd8 7. Nxe5 0-0 8. Bc4 Be6 9. Bxe6 fxe6 10. 0-0 Nfd7 11. Nd3 e5 12. Be3 Nc6 13. Ne2 Be7 14. Rad1 Rad8 15. c3 b6 16. f3 Nf6 17. Nf2 h6 18. Ng3 Rfe8 19. Nf5 Kh7 20. Rxd8 Rxd8 21. Rd1 Rxd1+ 22. Nxd1 Bd6 23. Kf1 Ne7 24. Nxe7 Bxe7 25. c4 c5 26. Nc3 g5 27. Nb5 a5 28. Ke2 Nd7 29. Nc7 Bd8 30. Nd5 Nf6 31. Kd3 Nxd5 32. cxd5 Bc7 33. Kc4 Kg7 34. Kb5 Kf7 35. Kc6 Bd8 36. g4 Ke8 37. a4 Bf6 38. Kxb6 1-0

[Event "Helsingor Xtracon op"]
[Site "Helsingor"]
[Date "2016.07.30"]
[Round "9"]
[White "Petersen, Rasmus"]
[Black "Stam, Bart"]
[Result "1/2-1/2"]
[WhiteElo "1730"]
[BlackElo "1929"]
[PlyCount "93"]
[EventDate "2016.07.23"]
[EventType "swiss"]
[EventRounds "10"]
[EventCountry "DEN"]
[SourceTitle "CBM 173 Extra"]
[Source "ChessBase"]
[SourceDate "2016.08.29"]
[SourceVersion "1"]
[SourceVersionDate "2016.08.29"]
[SourceQuality "1"]

1. d4 Nf6 2. c4 e6 3. Nc3 Bb4 4. Qc2 c5 5. Nf3 cxd4 6. Nxd4 Nc6 7. e3 0-0 8. a3 Bxc3+ 9. Qxc3 Ne4 10. Qc2 Qa5+ 11. Bd2 Nxd2 12. Qxd2 Qxd2+ 13. Kxd2 Nxd4 14. exd4 b6 15. Rc1 Bb7 16. f3 Rfc8 17. Bd3 f5 18. Rhe1 Kf7 19. Rc3 Rc7 20. Rec1 d6 21. b4 Rd8 22. Ke2 Kf6 23. g3 e5 24. d5 Rdc8 25. Kd2 g6 26. R3c2 b5 27. cxb5 Rxc2+ 28. Rxc2 Rxc2+ 29. Bxc2 Bxd5 30. f4 Ke6 31. Ke3 Kd7 32. Bd3 Bb3 33. h3 h5 34. g4 e4 35. Be2 h4 36. gxf5 gxf5 37. Kd4 Ke6 38. Kc3 Ba4 39. Kd4 Bc2 40. Kc3 Ba4 41. Kd4 Bb3 42. Kc3 Bd5 43. Kd4 Bb7 44. Bc4+ Ke7 45. Bf1 Ke6 46. Bc4+ d5 47. Be2 1/2-1/2

[Event "Helsingor Xtracon op"]
[Site "Helsingor"]
[Date "2016.07.24"]
[Round "3"]
[White "Petersen, Rasmus"]
[Black "Madsen, Michael Ole"]
[Result "0-1"]
[WhiteElo "1730"]
[BlackElo "2010"]
[PlyCount "82"]
[EventDate "2016.07.23"]
[EventType "swiss"]
[EventRounds "10"]
[EventCountry "DEN"]
[SourceTitle "CBM 173 Extra"]
[Source "ChessBase"]
[SourceDate "2016.08.29"]
[SourceVersion "1"]
[SourceVersionDate "2016.08.29"]
[SourceQuality "1"]

1. d4 d5 2. Nf3 c6 3. Bf4 Bf5 4. e3 e6 5. Bd3 Bxd3 6. Qxd3 Nf6 7. h3 Nbd7 8. 0-0 Be7 9. Nbd2 0-0 10. c4 c5 11. Rac1 cxd4 12. exd4 dxc4 13. Nxc4 Nd5 14. Bd6 N7f6 15. Bxe7 Qxe7 16. Rfd1 Rfd8 17. Nce5 h6 18. Qc4 Ne4 19. Nd2 Nxd2 20. Rxd2 Qg5 21. Nf3 Qf4 22. Rdc2 Rd6 23. Qb3 Rb6 24. Rc8+ Rxc8 25. Rxc8+ Kh7 26. Qc2+ g6 27. a3 Ne7 28. Rc7 Rxb2 29. Qxb2 Qxc7 30. Ne5 Nd5 31. Qd2 Kg7 32. Ng4 Qf4 33. Ne3 Qe4 34. Nxd5 Qxd5 35. Qb4 b5 36. Kf1 a6 37. g3 h5 38. Ke2 Qa2+ 39. Kf1 Qc2 40. Qc5 Qxc5 41. dxc5 Kf6 0-1

[Event "Hillerod Byturnering B"]
[Site "Hillerod"]
[Date "2016.06.14"]
[Round "6"]
[White "Nygaard, Soren"]
[Black "Petersen, Rasmus"]
[Result "1-0"]
[WhiteElo "1752"]
[BlackElo "1737"]
[PlyCount "65"]
[EventDate "2016.04.26"]
[EventType "tourn"]
[EventRounds "7"]
[EventCountry "DEN"]
[SourceTitle "EXT 2024"]
[Source "ChessBase"]
[SourceDate "2023.10.10"]
[SourceVersion "1"]
[SourceVersionDate "2023.10.10"]
[SourceQuality "1"]

1. d4 Nf6 2. c4 e6 3. Nc3 Bb4 4. e3 0-0 5. Nge2 b6 6. a3 Be7 7. Ng3 d5 8. cxd5 exd5 9. Bd3 c5 10. 0-0 c4 11. Bc2 Be6 12. f3 Bd6 13. e4 Bxg3 14. hxg3 dxe4 15. fxe4 Bg4 16. Qd2 Nh5 17. Qf2 Nc6 18. Be3 f6 19. Rae1 g5 20. Bd1 Bxd1 21. Rxd1 Qc7 22. Kh2 Qd7 23. Qe2 Qf7 24. Bxg5 Nxg3 25. Kxg3 Qg6 26. Qxc4+ Kh8 27. Qxc6 Qxg5+ 28. Kh2 Rac8 29. Qe6 Rce8 30. Qf5 Qh4+ 31. Kg1 Re7 32. Rd3 Rg7 33. Rh3 1-0

[Event "Hillerod Byturnering B"]
[Site "Hillerod"]
[Date "2016.05.31"]
[Round "5"]
[White "Petersen, Rasmus"]
[Black "Malchau, Helge"]
[Result "1/2-1/2"]
[WhiteElo "1737"]
[BlackElo "1767"]
[PlyCount "36"]
[EventDate "2016.04.26"]
[EventType "tourn"]
[EventRounds "7"]
[EventCountry "DEN"]
[SourceTitle "EXT 2024"]
[Source "ChessBase"]
[SourceDate "2023.10.10"]
[SourceVersion "1"]
[SourceVersionDate "2023.10.10"]
[SourceQuality "1"]

1. d4 Nf6 2. Nf3 b6 3. g3 Bb7 4. Bg2 e6 5. c4 Be7 6. Nc3 0-0 7. 0-0 d6 8. b3 Nbd7 9. Bb2 Ne4 10. Nxe4 Bxe4 11. Nd2 Bxg2 12. Kxg2 f5 13. e3 Qe8 14. Qe2 Qg6 15. Rae1 Rae8 16. e4 f4 17. Kh1 fxg3 18. fxg3 c5 1/2-1/2

[Event "Hillerod Byturnering B"]
[Site "Hillerod"]
[Date "2016.05.24"]
[Round "4"]
[White "Christiansen, Torsten Sundgaar"]
[Black "Petersen, Rasmus"]
[Result "1-0"]
[WhiteElo "1732"]
[BlackElo "1737"]
[PlyCount "55"]
[EventDate "2016.04.26"]
[EventType "tourn"]
[EventRounds "7"]
[EventCountry "DEN"]
[SourceTitle "EXT 2024"]
[Source "ChessBase"]
[SourceDate "2023.10.10"]
[SourceVersion "1"]
[SourceVersionDate "2023.10.10"]
[SourceQuality "1"]

1. e4 c5 2. Nf3 d6 3. b3 Nf6 4. d3 e6 5. Be2 Be7 6. Bb2 Nbd7 7. Nbd2 b5 8. c4 a6 9. 0-0 Bb7 10. Qc2 0-0 11. Rae1 e5 12. Bc1 Ne8 13. h3 b4 14. Nh2 Nc7 15. Bg4 Nf6 16. Bf5 g6 17. Bg4 Nxg4 18. Nxg4 Ne6 19. Nf3 Ng5 20. Nxg5 Bxg5 21. f4 exf4 22. Bxf4 f5 23. exf5 Rxf5 24. Qd2 h5 25. Re6 Kh7 26. Bxg5 Rxg5 27. Rf7+ Kg8 28. Nh6+ 1-0

[Event "Hillerod Byturnering B"]
[Site "Hillerod"]
[Date "2016.05.17"]
[Round "3"]
[White "Petersen, Rasmus"]
[Black "Just, Steen E"]
[Result "1-0"]
[WhiteElo "1737"]
[BlackElo "1797"]
[PlyCount "49"]
[EventDate "2016.04.26"]
[EventType "tourn"]
[EventRounds "7"]
[EventCountry "DEN"]
[SourceTitle "EXT 2024"]
[Source "ChessBase"]
[SourceDate "2023.10.10"]
[SourceVersion "1"]
[SourceVersionDate "2023.10.10"]
[SourceQuality "1"]

1. d4 Nf6 2. Nf3 e6 3. Bf4 c5 4. e3 Nc6 5. c3 d5 6. Bd3 c4 7. Bc2 b5 8. 0-0 Be7 9. Nbd2 Nh5 10. Ne5 Nxf4 11. Nxc6 Nh3+ 12. gxh3 Qd6 13. Nxe7 Kxe7 14. Qf3 h5 15. e4 Bb7 16. exd5 Bxd5 17. Be4 Rag8 18. Bxd5 exd5 19. Rfe1+ Kf8 20. Re5 Qg6+ 21. Qg3 Qc2 22. Rae1 g6 23. Qg5 Qxb2 24. Qf6 Qxd2 25. Re8# 1-0

[Event "Politiken Cup 37th"]
[Site "Helsingor"]
[Date "2015.07.30"]
[Round "7"]
[White "Svendsen, Peter Willer"]
[Black "Petersen, Rasmus"]
[Result "1-0"]
[WhiteElo "1969"]
[BlackElo "1727"]
[PlyCount "77"]
[EventDate "2015.07.25"]
[EventType "swiss"]
[EventRounds "10"]
[EventCountry "DEN"]
[SourceTitle "CBM 167 Extra"]
[Source "ChessBase"]
[SourceDate "2015.09.14"]
[SourceVersion "1"]
[SourceVersionDate "2015.09.14"]
[SourceQuality "1"]

1. d4 Nf6 2. c4 e6 3. Nf3 b6 4. g3 Bb7 5. Bg2 Bb4+ 6. Bd2 Be7 7. Nc3 0-0 8. 0-0 d6 9. Qc2 Nbd7 10. Rad1 c5 11. d5 exd5 12. Nh4 Ne4 13. Nf5 Ndf6 14. cxd5 Nxd2 15. Qxd2 Re8 16. Qg5 g6 17. e4 Nxd5 18. Nxe7+ Qxe7 19. Qxe7 Nxe7 20. Rxd6 Bc6 21. Rfd1 b5 22. e5 Bxg2 23. Kxg2 Nf5 24. R6d5 b4 25. Ne4 Rec8 26. Rxc5 Rxc5 27. Nxc5 Rc8 28. Ne4 Rc2 29. Rd2 Rxd2 30. Nxd2 Kf8 31. Kf3 Ke7 32. Ke4 Ke6 33. Nf3 h6 34. g4 Ne7 35. Nd4+ Kd7 36. f4 Nc6 37. Nxc6 Kxc6 38. Kd4 a5 39. b3 1-0

[Event "Politiken Cup 37th"]
[Site "Helsingor"]
[Date "2015.07.27"]
[Round "4"]
[White "Petersen, Rasmus"]
[Black "Loveid, Erik"]
[Result "1/2-1/2"]
[WhiteElo "1727"]
[BlackElo "1559"]
[PlyCount "74"]
[EventDate "2015.07.25"]
[EventType "swiss"]
[EventRounds "10"]
[EventCountry "DEN"]
[SourceTitle "CBM 167 Extra"]
[Source "ChessBase"]
[SourceDate "2015.09.14"]
[SourceVersion "1"]
[SourceVersionDate "2015.09.14"]
[SourceQuality "1"]

1. d4 e6 2. c4 f5 3. Nc3 Nf6 4. Nf3 Be7 5. b3 d6 6. Bb2 0-0 7. e3 b6 8. Qc2 Bb7 9. Bd3 Na6 10. a3 c5 11. dxc5 Nxc5 12. 0-0-0 Nfe4 13. b4 Nxd3+ 14. Rxd3 Nxc3 15. Qxc3 Bf6 16. Qd2 d5 17. Kd1 Qe8 18. Bxf6 dxc4 19. Rc3 gxf6 20. Rxc4 Qa4+ 21. Ke1 Qxa3 22. Rc7 Rfd8 23. Qc3 Qxc3+ 24. Rxc3 Rac8 25. Rxc8 Rxc8 26. Kd2 Bxf3 27. gxf3 Rc4 28. Ra1 Rxb4 29. Rxa7 Rh4 30. Rb7 Rxh2 31. Ke2 e5 32. Rxb6 Kg7 33. Kf1 Rh4 34. Kg2 Rc4 35. Rb7+ Kg6 36. Ra7 h5 37. Ra8 Kg7 1/2-1/2

[Event "Politiken Cup 37th"]
[Site "Helsingor"]
[Date "2015.07.26"]
[Round "2"]
[White "Petersen, Rasmus"]
[Black "Mott, Jens"]
[Result "1/2-1/2"]
[WhiteElo "1727"]
[BlackElo "1953"]
[PlyCount "62"]
[EventDate "2015.07.25"]
[EventType "swiss"]
[EventRounds "10"]
[EventCountry "DEN"]
[SourceTitle "CBM 167 Extra"]
[Source "ChessBase"]
[SourceDate "2015.09.14"]
[SourceVersion "1"]
[SourceVersionDate "2015.09.14"]
[SourceQuality "1"]

1. d4 Nf6 2. c4 e6 3. Nc3 d5 4. Bg5 Nbd7 5. e3 c6 6. Nf3 Qa5 7. Bxf6 Nxf6 8. a3 Ne4 9. Qc2 Bb4 10. Rc1 Bxc3+ 11. bxc3 Qxa3 12. Bd3 Nf6 13. 0-0 Qe7 14. Ra1 0-0 15. Rfb1 g6 16. c5 Nd7 17. Bf1 e5 18. c4 e4 19. Nd2 Nb8 20. cxd5 cxd5 21. Qb3 Qe6 22. Rb2 Nc6 23. Nb1 Bd7 24. Nc3 Ne7 25. Qxb7 a5 26. Qb6 Nc6 27. Qb3 Nb4 28. Na2 Nc6 29. Nc3 Nb4 30. Na2 Nc6 31. Nc3 Nb4 1/2-1/2

[Event "Hillerod Byturnering C"]
[Site "Hillerod"]
[Date "2015.??.??"]
[Round "2"]
[White "Bagge, Kenny"]
[Black "Petersen, Rasmus"]
[Result "0-1"]
[WhiteElo "1600"]
[BlackElo "1731"]
[PlyCount "46"]
[EventDate "2015.04.28"]
[EventType "tourn"]
[EventRounds "7"]
[EventCountry "DEN"]
[SourceTitle "EXT 2024"]
[Source "ChessBase"]
[SourceDate "2023.10.10"]
[SourceVersion "1"]
[SourceVersionDate "2023.10.10"]
[SourceQuality "1"]

1. e4 d5 2. exd5 Qxd5 3. Nc3 Qa5 4. Bc4 Nf6 5. d3 Bf5 6. Nf3 e6 7. a3 c6 8. Bf4 Be7 9. b4 Qd8 10. Qd2 0-0 11. 0-0 Nbd7 12. Rfe1 Nd5 13. Nxd5 cxd5 14. Bb3 Rc8 15. c4 Nf6 16. c5 Nh5 17. Be5 f6 18. Bb2 e5 19. Qe2 Nf4 20. Qd2 Nxd3 21. Re3 Nxb2 22. Qxb2 Kh8 23. Nxe5 fxe5 0-1

[Event "Koge Xtracon op"]
[Site "Koge"]
[Date "2014.10.17"]
[Round "8"]
[White "Petersen, Rasmus"]
[Black "Hein, Jacob"]
[Result "1-0"]
[WhiteElo "1627"]
[BlackElo "1445"]
[PlyCount "39"]
[EventDate "2014.10.11"]
[EventType "swiss"]
[EventRounds "9"]
[EventCountry "DEN"]
[SourceTitle "EXT 2015"]
[Source "ChessBase"]
[SourceDate "2014.11.20"]
[SourceVersion "1"]
[SourceVersionDate "2014.11.20"]
[SourceQuality "1"]

1. d4 Nf6 2. Nf3 d6 3. g3 Nbd7 4. Bg2 e5 5. dxe5 dxe5 6. 0-0 Bd6 7. c4 e4 8. Ng5 Nc5 9. b4 h6 10. bxc5 hxg5 11. cxd6 Bh3 12. dxc7 Qxc7 13. Bxh3 Rxh3 14. Kg2 Rh5 15. Rh1 Nd7 16. Qd4 Qc6 17. Qd5 Qg6 18. Nc3 0-0-0 19. Rb1 g4 20. Qxb7# 1-0

[Event "Koge Xtracon op"]
[Site "Koge"]
[Date "2014.10.15"]
[Round "6"]
[White "Petersen, Rasmus"]
[Black "Karlsson, Ulf"]
[Result "0-1"]
[WhiteElo "1627"]
[BlackElo "2009"]
[PlyCount "42"]
[EventDate "2014.10.11"]
[EventType "swiss"]
[EventRounds "9"]
[EventCountry "DEN"]
[SourceTitle "EXT 2015"]
[Source "ChessBase"]
[SourceDate "2014.11.20"]
[SourceVersion "1"]
[SourceVersionDate "2014.11.20"]
[SourceQuality "1"]

1. d4 Nf6 2. Nf3 e6 3. c4 c5 4. Nc3 cxd4 5. Nxd4 Nc6 6. Bg5 a6 7. e3 Qa5 8. Bxf6 gxf6 9. Nxc6 bxc6 10. a3 c5 11. Be2 Rb8 12. Qd2 Qc7 13. Bf3 f5 14. 0-0-0 Bb7 15. Qe2 Bg7 16. Rd3 Ke7 17. Rhd1 Rhd8 18. e4 fxe4 19. Bxe4 Qf4+ 20. Kc2 Bxe4 21. Qxe4 Rxb2+ 0-1

[Event "Koge Xtracon op"]
[Site "Koge"]
[Date "2014.10.14"]
[Round "5"]
[White "Pondal, Jesper"]
[Black "Petersen, Rasmus"]
[Result "1/2-1/2"]
[WhiteElo "1960"]
[BlackElo "1627"]
[PlyCount "80"]
[EventDate "2014.10.11"]
[EventType "swiss"]
[EventRounds "9"]
[EventCountry "DEN"]
[SourceTitle "EXT 2015"]
[Source "ChessBase"]
[SourceDate "2014.11.20"]
[SourceVersion "1"]
[SourceVersionDate "2014.11.20"]
[SourceQuality "1"]

1. d4 Nf6 2. Bg5 c5 3. Bxf6 gxf6 4. dxc5 Na6 5. e3 Nxc5 6. Nd2 f5 7. Nb3 Bg7 8. Nxc5 Qa5+ 9. Qd2 Qxc5 10. c3 b6 11. Be2 Bb7 12. Bf3 Bxf3 13. Nxf3 e6 14. 0-0 d5 15. Rac1 0-0 16. Rfe1 Rac8 17. Qd3 Rc7 18. g4 Qe7 19. gxf5 Rc4 20. Kh1 Kh8 21. Rg1 Rg8 22. Rg3 Bf6 23. Rxg8+ Kxg8 24. Rg1+ Kh8 25. Nd4 Bxd4 26. exd4 Rc8 27. Qg3 Qf6 28. fxe6 fxe6 29. f4 Rf8 30. Rg2 b5 31. a3 a5 32. Kg1 a4 33. h4 Qf7 34. Qg5 Qf6 35. Qe5 Qxe5 36. fxe5 Rg8 37. Kf2 Rxg2+ 38. Kxg2 Kg7 39. Kg3 h5 40. Kf3 Kg6 1/2-1/2

[Event "Koge Xtracon op"]
[Site "Koge"]
[Date "2014.10.11"]
[Round "1"]
[White "Nielsen, Kai Gylling"]
[Black "Petersen, Rasmus"]
[Result "1-0"]
[WhiteElo "1846"]
[BlackElo "1627"]
[PlyCount "107"]
[EventDate "2014.10.11"]
[EventType "swiss"]
[EventRounds "9"]
[EventCountry "DEN"]
[SourceTitle "EXT 2015"]
[Source "ChessBase"]
[SourceDate "2014.11.20"]
[SourceVersion "1"]
[SourceVersionDate "2014.11.20"]
[SourceQuality "1"]

1. c4 Nf6 2. Nf3 e6 3. Nc3 b6 4. e4 Bb7 5. d3 d6 6. Be2 Be7 7. 0-0 0-0 8. Qc2 c5 9. a3 Nbd7 10. Bf4 a6 11. Rfd1 Rc8 12. e5 dxe5 13. Nxe5 Nxe5 14. Bxe5 Bd6 15. d4 Bxe5 16. dxe5 Nd7 17. Ne4 Bxe4 18. Qxe4 Qc7 19. f4 Nb8 20. h4 Rfd8 21. Rd3 Rxd3 22. Bxd3 g6 23. h5 Rd8 24. hxg6 hxg6 25. Kf2 Qd7 26. Rd1 Qd4+ 27. Qxd4 Rxd4 28. Ke3 Kf8 29. Rh1 Kg7 30. b4 Rd8 31. g4 Nc6 32. Rb1 cxb4 33. axb4 a5 34. bxa5 bxa5 35. Rb6 Nb4 36. Be4 Rd1 37. Rb5 Rc1 38. c5 Nd5+ 39. Bxd5 exd5 40. Rxa5 Rc4 41. c6 Rxc6 42. Rxd5 Kf8 43. Ke4 Ke7 44. f5 gxf5+ 45. gxf5 Rc1 46. f6+ Ke8 47. Ra5 Re1+ 48. Kd5 Rd1+ 49. Kc6 Rc1+ 50. Rc5 Rxc5+ 51. Kxc5 Kd8 52. Kd6 Ke8 53. Kc7 Kf8 54. Kd7 1-0